000 00612nam a22002297a 4500
003 UA-OsUOA
001 34196
007 ta
008 20050926b un ||||| |||| 00| 0 ukr d
100 _aСабатини Р.
090 _a821.111
_bС12
942 _cBK
040 _aUA-OsUOA
_brus
_cUA-OsUOA
_dUA-OsUOA
245 _aОдисея Капитана Блада
300 _a358 с.
955 _a3
041 _arus
080 _a821.111
260 _aМ.
_bДетская литература
_c1957
650 7 _a82 Література. Літературознавство
_2UDC
999 _c320625
_d320625